000 00631nam a2200193Ia 4500
008 240729s9999 xx 000 0 und d
022 _a2576-2907
245 0 _aWorking Papers in Applied Linguistics and TESOL
260 _aUnited States
260 _bColumbia University Libraries
650 _a English language | Language and Literature
650 _a Language acquisition
650 _a Language. Linguistic theory. Comparative grammar
650 _a Philology. Linguistics
650 _aLanguage and Literature
856 _uhttps://doaj.org/toc/774696836ce14d15b590f4fb617591f0
942 _2ddc
942 _cDOAJEJ
999 _c68736
_d68736
945 _a1
_bMadushi Gamage
_c1
_dMadushi Gamage